00484 a2200145 450000500170000002000220001708200210003910000150006024500490007525000120012426000410013630000590017770000150023685600870025120250612131334.0 a978-1-84480-574-7 aLECT 658.403 CUR aCURWIN, J. aQuantitative Methods for Business Decisions. a6th Ed. aAustralia,bCengage Learning,c2008. axix, 790p.: figure, table.bGlossary & Index, c24cm. aSLATER, R. yAccess Online BookfQuantitative Methods for Business Decisionsdwww.cengage.co.uk